000 01554cam a2200373 a 4500
001 4107
003 FISKH
005 20240607085055.0
008 110603s2012 nyuab b 001 0 eng
010 _a 2011023538
020 _a9780307719218
040 _aDLC
_cDLC
_dDLC
_beng
042 _apcc
043 _ad------
050 0 0 _aHB74.P65
_bA28 2012
082 0 0 _a330
_223
100 1 _aAcemoglu, Daron
245 1 0 _aWhy nations fail :
_bthe origins of power, prosperity and poverty /
_cDaron Acemoglu and James A. Robinson.
260 _aLondon :
_bProfile Books,
_c2012.
300 _a529 pages :
_billustrations, map ;
_c20 cm.
504 _aIncludes bibliographical references (p. [465]-509) and index.
520 _a"Why Nations Fail answers the question that has stumped the experts for centuries: Why are some nations rich and others poor, divided by wealth and poverty, health and sickness, food and famine? ..." - Library Thing
650 0 _aEconomics
_xPolitical aspects.
650 0 _aEconomic history
_xPolitical aspects.
650 0 _aPoverty
_zDeveloping countries.
650 0 _aEconomic development
_zDeveloping countries.
650 0 _aRevolutions
_xEconomic aspects.
651 0 _aDeveloping countries
_xEconomic policy.
651 0 _aDeveloping countries
_xSocial policy.
700 1 _aRobinson, James A.,
_d1960-
906 _a7
_bcbc
_corignew
_d1
_eecip
_f20
_gy-gencatlg
942 _2ddc
_cBK
_n0
999 _c4107
_d4107